000 00629nam a2200181 a 4500
001 000043862
005 20250701121839.0
008 140507s2004 dr 000 0 spa d
040 _aDO-SdBNP
_bspa
_cBNPHU
100 1 _aLiriano, Alejandra
_954267
245 1 0 _aPolíticas editoriales universitarias. /
_cAlejandra Liriano, Marcos Villamán.
260 _aSanto Domingo, :
_bSEESCT,
_c2004.
300 _a40 p. ;
_c28 cm.
490 1 _aInforme
_v2
700 1 2 _aVillamán, Marcos
_9760
710 1 2 _aRepública Dominicana.
_bSecretaría de Estado de Educación Superior, Ciencia y Tecnología
_918778
830 0 _aInforme
_n2
_971741
999 _c43351
_d43351